Statistics for US State Shapes Quiz #3

Click here to take the quiz!

General Stats

  • This quiz has been taken 28 times
  • The average score is 15 of 18

Answer Stats

Hint Answer % Correct
Colorado
96%
Tennessee
96%
New Hampshire
92%
Vermont
92%
Alabama
88%
Montana
88%
Kansas
88%
South Carolina
88%
Utah
88%
Iowa
84%
Mississippi
84%
South Dakota
84%
Nebraska
84%
Wyoming
84%
New Mexico
80%
Arkansas
80%
Connecticut
76%
North Dakota
76%

Score Distribution

Percentile by Number Answered

Percent of People with Each Score

Your Score History

You have not taken this quiz